|
|
|
|
| LEADER |
01726nem a22003972a 4500 |
| 001 |
mzk03001085601 |
| 003 |
CZ BrMZK |
| 005 |
20110126081930.0 |
| 007 |
aj|aa||| |
| 008 |
110125s1820 gw |||||||a|||r|0|||gerod |
| 034 |
1 |
|
|a a
|d E0040155
|e E0073728
|f N0534750
|g N0521340
|
| 040 |
|
|
|a BOA001
|b cze
|
| 043 |
|
|
|a e-ne---
|
| 072 |
|
7 |
|a 912:904
|x Staré mapy
|2 Konspekt
|9 7
|
| 080 |
|
|
|a (492)
|2 MRF
|
| 080 |
|
|
|a (084.3)
|2 MRF
|
| 100 |
1 |
|
|a Kümmel, Karl Christian,
|d činný 1752-1788
|4 aut
|
| 245 |
1 |
0 |
|a Neue General-Karte des Preussischen Staats in 24 Sectionen.
|n Liefr. V. Sec. 7.
|h [kartografický dokument]
|c Situation von Bimbé. Wasser u. F. Reyher ; L'Ecriture Gravée par Aubert Junior à Paris Rue Vieille Bouclerie No. 24
|
| 255 |
|
|
|a Měřítko 7,4 cm = 5 Preussische Meilen
|c (004°01´55" v.d.--007°37´28" v.d./053°47´50" s.š.--052°13´40" s.š.)
|
| 260 |
|
|
|a [Halle :
|b bei C. A. Kümmel,
|c 1820]
|
| 300 |
|
|
|a 1 mapa :
|b mědirytina ;
|c 30 x 34,5 cm na listu 43 x 54 cm
|
| 500 |
|
|
|a Mapa je součástí souboru
|
| 500 |
|
|
|a Souboru čtyř map předchází tištěný list: Nachricht an die Herren Subskribenten der General=Karte vom Preußischen Staate in 24 Blatt
|
| 501 |
|
|
|a Přívazek 1 k prvnímu dílu téhož titulu
|
| 655 |
|
7 |
|a historické mapy
|7 fd186723
|2 czenas
|
| 651 |
|
7 |
|a Nizozemsko
|7 ge128525
|2 czenas
|
| 700 |
1 |
|
|a Bembé, Wilhelm
|4 egr
|
| 700 |
1 |
|
|a Reyher F.
|4 pbl
|
| 700 |
1 |
|
|a Aubert
|4 aui
|
| 910 |
|
|
|a BOA001
|b STMpa-1257.667,5,přív.1
|
| 978 |
|
|
|b Kümmel, Karl Christian
|a Halle
|c 1820
|
| 984 |
|
|
|a Halle
|b Německo
|
| 985 |
|
|
|a 1801-1850
|
| 990 |
|
|
|a MP
|
| 991 |
|
|
|k mzk
|
| 994 |
|
|
|a UP
|l MZK03
|b 001085600
|m přívazek 1
|n záznam 1. díla (pro objednání pokračujte kliknutím)
|